Využitie oxidačných procesov pri degradácii paracetamolu z vodných roztokov

Salvato in:
Dettagli Bibliografici
Autore principale: Mihelová, Martina (Autore)
Altri autori: Soldán, Maroš (Relatore della tesi)
Natura: Manoscritto Libro
Lingua:slovacco
Pubblicazione: 2020
Soggetti:
Accesso online:http://is.stuba.sk/zp/portal_zp.pl?podrobnosti=151344
Tags: Aggiungi Tag
Nessun Tag, puoi essere il primo ad aggiungerne!!

MARC

LEADER 00000ntm a22000003a 4500
001 stuzp80178
003 SK-STU
005 20200704212544.7
007 ta
008 150427s2015----xo-----f-mn---000-0-slo-d
040 |a STU  |b slo 
041 0 |a slo 
100 1 |a Mihelová, Martina  |u 065000  |k Z4  |4 aut  |U MTF Materiálovotechnologická fakulta  |T MTF Ústav integrovanej bezpečnosti  |X 82543  |U M5000  |Y 85  |7 82543 
242 0 1 |a The use of oxidation processes for paracemol degradation from water solution  |y eng 
245 1 0 |a Využitie oxidačných procesov pri degradácii paracetamolu z vodných roztokov 
260 |c 2020 
650 4 |a paracetamol  |2 slo 
650 4 |a progresívne oxidačné metódy  |2 slo 
650 4 |a analytické metódy  |2 slo 
650 4 |a degradácia  |2 slo 
650 4 |a paracetamol  |2 eng 
650 4 |a advanced oxidation methods  |2 eng 
650 4 |a degradation  |2 eng 
650 4 |a analytical methods  |2 eng 
700 1 |a Soldán, Maroš  |u 065000  |k Z1  |4 ths  |U MTF Materiálovotechnologická fakulta  |T MTF Ústav integrovanej bezpečnosti  |X 2878  |U M5000  |Y 85  |7 A000002878 
856 4 |u http://is.stuba.sk/zp/portal_zp.pl?podrobnosti=151344 
996 |c M* DP-14339  |l MMSKP  |s A  |a 24  |w stuzp80178_0001